লোডিং...

Soviet Economic Development

গ্রন্থ-পঞ্জীর বিবরন
প্রধান লেখক: Dobb, Mauriee
অন্যান্য লেখক: Mukerjee, Arun Kumar
বিন্যাস: Printed Book
ভাষা:English
প্রকাশিত: , , 1917
বিষয়গুলি:
LEADER 00622nam a2200253 a 4500
001 adlib96000001
003 ViArRB
005 20151215124719.0
008 960221s1955 dcuabcdjdbkoqu001 0deng d
020
022
040 |a Adlib 
082 |a X 
245 |a  Soviet Economic Development 
250
260 |a ,  |b ,  |c 1917 
300 |a ,  |b ,  |c Book  
500
653 |a Economics  
100 |a Dobb, Mauriee 
700 |a Mukerjee, Arun Kumar 
942 |c BK  |6 _ 
999 |c 90346  |d 90346 
952 |0 0  |1 0  |4 0  |6 X58_N1K611  |7 0  |9 113402  |a SMS   |b SMS  |d 0000-00-00  |o X.58 N1 K61;1  |p SMS5810  |r 2009-08-21  |w 2009-08-21  |y BK